[Event "Schleswig Holstein-ch U16 MT"]
[Site "Neumuenster"]
[Date "2005.03.25"]
[Round "9"]
[White "Magnussen, Helge"]
[Black "Woldmann, Ole"]
[Result "1/2-1/2"]
[WhiteElo "1717"]
[BlackElo "1490"]
[PlyCount "43"]
[EventDate "2005.03.19"]
[EventType "tourn"]
[EventRounds "9"]
[EventCountry "GER"]
[SourceTitle "EXT 2007"]
[Source "ChessBase"]
[SourceDate "2006.11.23"]
[SourceVersion "1"]
[SourceVersionDate "2006.11.23"]
[SourceQuality "1"]

1. d4 d5 2. c4 c6 3. Nc3 Bf5 4. cxd5 cxd5 5. Qb3 Qd7 6. Qxd5 e6 7. Qxd7+ Nxd7 8. e4 Bg6 9. f3 Bb4 10. Bd2 Ne7 11. a3 Ba5 12. b4 Bb6 13. Be3 0-0 14. Na4 a6 15. Nxb6 Nxb6 16. d5 Nd7 17. dxe6 fxe6 18. Bc4 Bf7 19. Ne2 Rac8 20. Rc1 Ne5 21. Bc5 Rfe8 22. Bb3 1/2-1/2

[Event "Schleswig Holstein-ch U16 MT"]
[Site "Neumuenster"]
[Date "2005.03.21"]
[Round "5"]
[White "Woldmann, Ole"]
[Black "Lohrie, Matthias"]
[Result "1/2-1/2"]
[WhiteElo "1490"]
[BlackElo "1706"]
[PlyCount "43"]
[EventDate "2005.03.19"]
[EventType "tourn"]
[EventRounds "9"]
[EventCountry "GER"]
[SourceTitle "EXT 2007"]
[Source "ChessBase"]
[SourceDate "2006.11.23"]
[SourceVersion "1"]
[SourceVersionDate "2006.11.23"]
[SourceQuality "1"]

1. c4 f5 2. d4 Nf6 3. Nf3 g6 4. Nc3 Bg7 5. e3 d6 6. Be2 0-0 7. 0-0 Qe8 8. Bd2 c6 9. d5 Na6 10. a3 Nc7 11. Qb3 e5 12. dxe6 Nxe6 13. Rfe1 Ne4 14. Qc2 N6g5 15. Rac1 Qf7 16. Nxg5 Nxg5 17. f4 Ne4 18. Nxe4 fxe4 19. Bc3 d5 20. Bxg7 Qxg7 21. cxd5 cxd5 22. Qc3 1/2-1/2

[Event "Schleswig Holstein-ch U16 MT"]
[Site "Neumuenster"]
[Date "2005.03.21"]
[Round "4"]
[White "Woldmann, Ole"]
[Black "Wagenknecht, Fabian"]
[Result "1-0"]
[WhiteElo "1490"]
[BlackElo "1641"]
[PlyCount "102"]
[EventDate "2005.03.19"]
[EventType "tourn"]
[EventRounds "9"]
[EventCountry "GER"]
[SourceTitle "EXT 2007"]
[Source "ChessBase"]
[SourceDate "2006.11.23"]
[SourceVersion "1"]
[SourceVersionDate "2006.11.23"]
[SourceQuality "1"]

1. c4 f5 2. d4 Nf6 3. Nf3 e6 4. Nc3 d5 5. c5 c6 6. Bf4 Nbd7 7. e3 Be7 8. Be2 0-0 9. b4 Nh5 10. g3 Nhf6 11. Ng5 Nb8 12. h4 b6 13. Qa4 h6 14. Nf3 b5 15. Qd1 a5 16. a3 axb4 17. axb4 Na6 18. 0-0 Bb7 19. Qb3 Nd7 20. Ne5 Nxe5 21. Bxe5 Bf6 22. Bd6 Re8 23. Bh5 e5 24. Bxe8 Qxe8 25. dxe5 Bxe5 26. Bxe5 Qxe5 27. Rfb1 Kh7 28. Ne2 Nxc5 29. bxc5 Rxa1 30. Nd4 Ra4 31. Nxb5 cxb5 32. Qxb5 Rc4 33. Qxb7 Rxc5 34. Qb2 Qe4 35. Rc1 Rc4 36. Rxc4 dxc4 37. Qc3 Kg6 38. Kf1 Qb1+ 39. Ke2 Qb3 40. Kd2 Qa2+ 41. Qc2 Qxc2+ 42. Kxc2 Kf6 43. Kc3 Ke5 44. f3 Kd5 45. h5 Kc5 46. e4 f4 47. gxf4 Kd6 48. Kxc4 g6 49. hxg6 Ke6 50. g7 Kf7 51. g8Q+ Kxg8 1-0

[Event "Schleswig Holstein-ch U16 MT"]
[Site "Neumuenster"]
[Date "2005.03.20"]
[Round "3"]
[White "Koelsch, Maximilian"]
[Black "Woldmann, Ole"]
[Result "1-0"]
[WhiteElo "2083"]
[BlackElo "1490"]
[PlyCount "35"]
[EventDate "2005.03.19"]
[EventType "tourn"]
[EventRounds "9"]
[EventCountry "GER"]
[SourceTitle "EXT 2007"]
[Source "ChessBase"]
[SourceDate "2006.11.23"]
[SourceVersion "1"]
[SourceVersionDate "2006.11.23"]
[SourceQuality "1"]

1. d4 d5 2. c4 e6 3. Nc3 c5 4. cxd5 exd5 5. Nf3 Nf6 6. g3 g6 7. Bg2 Bg7 8. 0-0 0-0 9. dxc5 Nc6 10. Nb5 Qa5 11. a4 Ne4 12. Qxd5 a6 13. Qxe4 axb5 14. Bd2 b4 15. Qc2 Re8 16. Rfe1 Qa6 17. Be3 b3 18. Qxb3 1-0

[Event "Schleswig Holstein-ch U14 MT"]
[Site "Neumuenster"]
[Date "2004.03.25"]
[Round "8"]
[White "Woldmann, Ole"]
[Black "Steffen, Daniel"]
[Result "1-0"]
[WhiteElo "1298"]
[BlackElo "1276"]
[PlyCount "49"]
[EventDate "2004.03.20"]
[EventType "tourn"]
[EventRounds "9"]
[EventCountry "GER"]
[SourceTitle "EXT 2006"]
[Source "ChessBase"]
[SourceDate "2005.11.24"]
[SourceVersion "1"]
[SourceVersionDate "2005.11.24"]
[SourceQuality "1"]

1. e4 e5 2. c4 Nf6 3. Nc3 Bc5 4. d3 h6 5. Be3 Bb6 6. Nf3 Nc6 7. Be2 d6 8. 0-0 0-0 9. Nd5 Nxd5 10. exd5 Ne7 11. Nd2 Nf5 12. Bxb6 axb6 13. Bg4 Ne7 14. f4 exf4 15. Rxf4 Ng6 16. Rf2 Ne5 17. Be2 c5 18. dxc6 bxc6 19. d4 Nd7 20. Ne4 Qc7 21. Bg4 Re8 22. Qf3 Rf8 23. Qg3 Ba6 24. Bxd7 Qxd7 25. Nf6+ 1-0

[Event "Schleswig Holstein-ch U14 MT"]
[Site "Neumuenster"]
[Date "2004.03.24"]
[Round "7"]
[White "Woldmann, Ole"]
[Black "Meihsner, Lukas"]
[Result "1-0"]
[WhiteElo "1298"]
[BlackElo "1282"]
[PlyCount "85"]
[EventDate "2004.03.20"]
[EventType "tourn"]
[EventRounds "9"]
[EventCountry "GER"]
[SourceTitle "EXT 2006"]
[Source "ChessBase"]
[SourceDate "2005.11.24"]
[SourceVersion "1"]
[SourceVersionDate "2005.11.24"]
[SourceQuality "1"]

1. e4 c5 2. Nf3 e6 3. d4 cxd4 4. Nxd4 d6 5. Nc3 Nf6 6. Bg5 h6 7. Bh4 Be7 8. Bd3 0-0 9. 0-0 Nc6 10. Nf3 a6 11. Re1 b5 12. e5 dxe5 13. Nxe5 Nxe5 14. Rxe5 Bd6 15. Re1 Bb7 16. Bxf6 Qxf6 17. Bh7+ Kxh7 18. Qxd6 Qg6 19. Qd3 Qxd3 20. cxd3 Rfd8 21. Rad1 Rac8 22. f3 b4 23. Ne4 Bxe4 24. Rxe4 a5 25. Re2 Rc7 26. Kf2 Rdc8 27. d4 Rc2 28. Rdd2 Rxd2 29. Rxd2 a4 30. Ke3 f6 31. f4 Rd8 32. Rc2 b3 33. axb3 axb3 34. Rc3 Rb8 35. Kd3 Rb4 36. Rc4 Rxc4 37. Kxc4 Kg8 38. Kxb3 Kf7 39. Kc4 Ke7 40. Kc5 Kd7 41. d5 exd5 42. Kxd5 Kd8 43. Ke6 1-0

[Event "Schleswig Holstein-ch U14 MT"]
[Site "Neumuenster"]
[Date "2004.03.21"]
[Round "2"]
[White "Koelsch, Maximilian"]
[Black "Woldmann, Ole"]
[Result "1-0"]
[WhiteElo "1716"]
[BlackElo "1298"]
[PlyCount "107"]
[EventDate "2004.03.20"]
[EventType "tourn"]
[EventRounds "9"]
[EventCountry "GER"]
[SourceTitle "EXT 2006"]
[Source "ChessBase"]
[SourceDate "2005.11.24"]
[SourceVersion "1"]
[SourceVersionDate "2005.11.24"]
[SourceQuality "1"]

1. Nf3 c5 2. c4 Nc6 3. g3 Nf6 4. Bg2 g6 5. 0-0 Bg7 6. Nc3 0-0 7. e3 d6 8. d4 cxd4 9. exd4 e6 10. Re1 d5 11. b3 a6 12. Bb2 Re8 13. Ne5 Qd6 14. c5 Qd8 15. f4 Nd7 16. Na4 Ncxe5 17. dxe5 Qa5 18. Bc3 Qb5 19. Bf1 Qc6 20. Bd4 Nb8 21. Nb6 Ra7 22. b4 Nd7 23. Rc1 Bf8 24. a4 Nb8 25. b5 axb5 26. Bxb5 Qc7 27. Bxe8 Bd7 28. Bxd7 Nxd7 29. Nxd7 Qxd7 30. c6 bxc6 31. Bxa7 Qxa7+ 32. Kg2 c5 33. Re2 c4 34. Ra2 Qa8 35. Qf3 Qa5 36. Qc3 Bb4 37. Qf3 Bd2 38. Rb1 c3 39. Rb5 Qa6 40. Qd3 Kg7 41. Kh3 h6 42. Rxd5 Qc6 43. Rd6 Qb7 44. Rxd2 cxd2 45. Qxd2 Qa7 46. a5 Qg1 47. Qd3 Qa1 48. a6 g5 49. Rd7 Qh1 50. a7 g4+ 51. Kxg4 Qxh2 52. Rxf7+ Kxf7 53. Qh7+ Ke8 54. a8R# 1-0